| 000 | 00839cab a2200229 4500 | ||
|---|---|---|---|
| 001 | WB2901-71 | ||
| 008 | 090401t1992 xxu||||| |||| 00| 0 eng d | ||
| 035 | _a(Sirsi) u18679 | ||
| 041 | _aeng | ||
| 245 | _a£50,000 for council planning blunder | ||
| 260 | _c1992 | ||
| 350 | _a0 | ||
| 490 |
_aIndependent _v24 October 1992, 5(1) |
||
| 520 | _aThe Local Government Ombudsman has ordered Barnet LBC to pay £50,000 compensation in respect of a property devalued by its failure to enforce planning regulations on a neighbouring development. The Ombudsman has no mandatory power to enforce this ruling. | ||
| 650 | _aLOCAL GOVERNMENT OMBUDSMAN | ||
| 650 | _aMALADMINISTRATION | ||
| 650 | _aPLANNING REGULATIONS | ||
| 650 |
_aValuation _96273 |
||
| 690 | _aPLANNING LAW AND PRACTICE-CASE LAW | ||
| 942 | _n0 | ||
| 948 | _c04/03/1997 | ||
| 999 |
_c12431 _d12431 |
||